| 000 | 00564 a2200169 4500 | ||
|---|---|---|---|
| 020 | _a012374444X | ||
| 020 | _a9780123744449 | ||
| 082 | _a515.42 | ||
| 090 |
_c1674 _d1674 |
||
| 100 | 1 | _aMorgan, Frank. | |
| 245 | 1 | 0 |
_aGeometric measure theory, fourth edition : _ba beginner's guide / _cFrank Morgan. |
| 250 | _a4th ed. | ||
| 260 |
_a[S.l.] : _bAcademic Press, _c2008. |
||
| 300 |
_a264 p. ; _c23 cm. |
||
| 942 |
_aSNS _cBK _k515.42 MOR |
||
| 999 |
_c30282 _d30282 |
||